Eine Neue Charte und sinnliche Abbildung von der engen Pforte und dem schmalen Wege, der zum ewigen Leben führet; und von der weiten Pforte und dem breiten Wege der zum Verderben führet. ...

Bibliographic Details
Format: eBook
Language:German
Published: [Baltimore] : [Gedruckt und zu haben bey Samuel Saur], [1795]
Series:Early American imprints. Evans (1639-1800) ; no. 29136.
Subjects:
Online Access:Evans Digital Edition

MARC

Tag First Indicator Second Indicator Subfields
LEADER 00000cam a2200000 a 4500
001 in00002139294
006 m e d #
007 cr mn mmmmabba
008 811001s1795 mdua s 000 0 ger d
005 20260331150717.1
035 |z w020996 
035 |a MAAR8110014403B 
035 |9 mwa91-14831 
035 |a 341193 
035 |a aas03020996 
040 |a MWA  |c MWA  |e bdrb  |d UtOrBLW 
245 0 5 |a Eine Neue Charte und sinnliche Abbildung von der engen Pforte und dem schmalen Wege, der zum ewigen Leben führet; und von der weiten Pforte und dem breiten Wege der zum Verderben führet. ... 
264 1 |a [Baltimore] :  |b [Gedruckt und zu haben bey Samuel Saur],  |c [1795] 
300 |a 1 sheet (2 unnumbered pages) :  |b illustrations (relief cuts) ;  |c 34 x 41 cm. 
336 |a text  |b txt  |2 rdacontent 
337 |a computer  |b c  |2 rdamedia 
338 |a online resource  |b cr  |2 rdacarrier 
500 |a Text, interspersed with allegorical illustrations, is arranged to depict the paths to salvation and damnation. 
500 |a "Eine kurze Erklärung derer auf diesem Bilde enthaltenen Dinge."--page [2]. 
500 |a Bookseller's advertisement, page [2]. 
500 |a Publication statement supplied by Seidensticker. 
510 4 |a Evans  |c 29136 
510 4 |a Minick, A.R. Maryland,  |c 251 
530 |a Microform version available in the Readex Early American Imprints series. 
533 |a Electronic text and image data.  |b [Chester, Vt. :  |c Readex, a division of Newsbank, Inc.,  |d 2002-2004.  |e Includes files in TIFF, GIF and PDF formats with inclusion of keyword searchable text.  |f (Early American imprints. First series ; no. 29136). 
500 |a Electronic resource. 
650 0 |a Christian life. 
650 0 |a Salvation. 
655 7 |a Booksellers' advertisements  |z Maryland  |z Baltimore.  |2 rbgenr 
752 |a United States  |b Maryland  |d Baltimore. 
830 0 |a Early American imprints.  |n Series I,  |p Evans (1639-1800) ;  |v no. 29136. 
856 4 1 |u http://proxy.library.tamu.edu/login?url=https://opac.newsbank.com/select/evans/29136  |y Evans Digital Edition  |t 0 
999 |a MARS 
999 f f |s 02fae591-b6b6-31b4-860e-328732e7c38d  |i 991680bc-b766-3d88-9179-6c99e9c3991c  |t 0 
952 f f |a Texas A&M University  |b College Station  |c Electronic Resources  |s www_evans  |d Available Online  |t 0  |h No information provided 
998 f f |t 0  |l Available Online